01092naa a2200217 a 450000100080000000500110000800800410001902200140006002400540007410000190012824501720014726000090031952003890032865000160071765000150073365000280074870000250077670000130080170000170081477300430083121861112026-04-06 2026 bl uuuu u00u1 u #d a2949-82447 ahttps://doi.org/10.1016/j.foohum.2026.1010822DOI1 aLIMA, C. A. de aSchools as drivers of food educationbStakeholder perceptions on unconventional food plants in Serra Negra da Mantiqueira, Minas Gerais, Brazil.h[electronic resource] c2026 ahis exploratory-descriptive study aimed to investigate the potential of Unconventional Food Plants (UFPs) in the Serra Negra da Mantiqueira region, specifically in the municipalities of Olaria, Lima Duarte and Bom Jardim de Minas. The research identified several local UFPs species and assessed their viability for integration into school and gastronomic menus aimed at rural tourism. aFood plants aGastronomy aSustainable agriculture1 aANTUNES, L. F. de S.1 aDIAS, A.1 aUZEDA, M. C. tFood and Humanitygv. 6, 101082, 2026.